<?xml version="1.0" encoding="UTF-8"?><?xml-stylesheet type="text/xsl" href="static/style.xsl"?><OAI-PMH xmlns="http://www.openarchives.org/OAI/2.0/" xmlns:xsi="http://www.w3.org/2001/XMLSchema-instance" xsi:schemaLocation="http://www.openarchives.org/OAI/2.0/ http://www.openarchives.org/OAI/2.0/OAI-PMH.xsd"><responseDate>2026-04-17T22:16:01Z</responseDate><request verb="GetRecord" identifier="oai:www.recercat.cat:10256/24139" metadataPrefix="marc">https://recercat.cat/oai/request</request><GetRecord><record><header><identifier>oai:recercat.cat:10256/24139</identifier><datestamp>2024-06-14T09:49:32Z</datestamp><setSpec>com_2072_452955</setSpec><setSpec>com_2072_2054</setSpec><setSpec>col_2072_453065</setSpec></header><metadata><record xmlns="http://www.loc.gov/MARC21/slim" xmlns:dcterms="http://purl.org/dc/terms/" xmlns:xsi="http://www.w3.org/2001/XMLSchema-instance" xmlns:doc="http://www.lyncode.com/xoai" xsi:schemaLocation="http://www.loc.gov/MARC21/slim http://www.loc.gov/standards/marcxml/schema/MARC21slim.xsd">
   <leader>00925njm 22002777a 4500</leader>
   <datafield ind2=" " ind1=" " tag="042">
      <subfield code="a">dc</subfield>
   </datafield>
   <datafield ind2=" " ind1=" " tag="720">
      <subfield code="a">Ponsatí-Murlà, Oriol</subfield>
      <subfield code="e">author</subfield>
   </datafield>
   <datafield ind2=" " ind1=" " tag="260">
      <subfield code="c">2023-09-01</subfield>
   </datafield>
   <datafield ind2=" " ind1=" " tag="520">
      <subfield code="a">El problema de l'orientació professional va constituir una de les principals ocupacions tant teòriques com pràctiques de Joan Roura-Parella fins al final de la seva estada com a catedràtic de l'Escola Normal de Las Palmas (1923-1930). Durant aquest període, la seva aproximació a la qüestió és de caràcter estrictament psicotècnic, com ho demostra el curs que pronuncià al Círculo Mercantil de Las Palmas i que es publicà el 1930. Acabat aquest període, es trasllada a Berlín durant dos anys i allà hi rep el poderós influx, principalment, d'Eduard Spranger, que l'introdueix en les ciències de l'esperit. Aquesta influència tindrà un efecte transversal en el seu pensament i modificarà radicalment els seus interessos intel·lectuals. En aquest article analitzem com la qüestió de l'orientació professional reapareix a Tema y variaciones de la personalidad (1950), la seva obra més madura, entesa ja no com un problema d'adequació entre les capacitats de l'individu i la professió que ha de desenvolupar, sinó en el marc d'una pedagogia i una antropologia culturalistes</subfield>
   </datafield>
   <datafield ind1="8" ind2=" " tag="024">
      <subfield code="a">http://hdl.handle.net/10256/24139</subfield>
   </datafield>
   <datafield tag="653" ind2=" " ind1=" ">
      <subfield code="a">Filosofia catalana</subfield>
   </datafield>
   <datafield tag="653" ind2=" " ind1=" ">
      <subfield code="a">Catalan philosophy</subfield>
   </datafield>
   <datafield tag="653" ind2=" " ind1=" ">
      <subfield code="a">Pedagogs -- Catalunya</subfield>
   </datafield>
   <datafield tag="653" ind2=" " ind1=" ">
      <subfield code="a">Roura i Parella, Joan, 1897-1983</subfield>
   </datafield>
   <datafield ind2="0" ind1="0" tag="245">
      <subfield code="a">Vocació i orientació professional des de la perspectiva de les Geisteswissenschaften en l'obra de Joan Roura-Parella</subfield>
   </datafield>
</record></metadata></record></GetRecord></OAI-PMH>